Το αυτοσχέδιο θέατρο στο σχολείο
Αποθηκεύτηκε σε:
| Κύριος συγγραφέας: | |
|---|---|
| Μορφή: | Βιβλίο |
| Γλώσσα: | Greek |
| Δημοσίευση: |
Αθήνα :
Αλκηστις,
1989
|
| Έκδοση: | 2η έκδ. |
| Θέματα: | |
| Ετικέτες: |
Προσθήκη ετικέτας
Δεν υπάρχουν, Καταχωρήστε ετικέτα πρώτοι!
|
MARC
| LEADER | 00000cam a2200000 i 4500 | ||
|---|---|---|---|
| 001 | 1/79870 | ||
| 008 | 970224s1989 gre d | ||
| 035 | |a 1989 |b 2 |c Δωρεά |l 10033293 | ||
| 040 | |a GR-MY-UA |b gre |e aacr | ||
| 041 | 0 | |a gre | |
| 082 | 0 | |a 372.66 | |
| 100 | 1 | |a Άλκηστις. | |
| 245 | 1 | 3 | |a Το αυτοσχέδιο θέατρο στο σχολείο / |c Αλκηστις |
| 250 | |a 2η έκδ. | ||
| 260 | |a Αθήνα : |b Αλκηστις, |c 1989 | ||
| 300 | |a 118 σ. | ||
| 650 | 0 | 0 | |a Drama in education. |
| 650 | 0 | 0 | |a Theater |x Study and teaching (Primary) |
| 650 | 0 | 0 | |a Drama |x Study and teaching (Primary) |
| 852 | |a INST |b LESVOS |e 20000303 |h 372.66 ΑΛΚ |p 005100021774 |q 005100021774 |t BK |y 0 | ||
| 852 | |a INST |b RHODES |e 19970224 |h 372.66 ΑΛΚ |p 005400003065 |q 005400003065 |t BK |y 0 | ||
| 852 | |a INST |b RHODES |e 19991110 |h 372.66 ΑΛΚ |p 005400014346 |q 005400014346 |t BK |y 0 | ||
| 909 | |a Ρ |b 014792 |c 1989 | ||
| 909 | |a Ρ |b 064368 |c 1999 | ||
| 909 | |a Λ |b 068527 | ||
| 922 | |a 4ΔΩΡ |b 199911 |c ΔΩΡΕΑ | ||
| 970 | |a ΚΟΥΛΑΚΙΟΤΗ |b ΛΙΤΣΑ |z 1999/11/10 | ||